| 000 | 00619nas a2200229 4500 | ||
|---|---|---|---|
| 001 | BR9200918 | ||
| 003 | BR-BrBNA | ||
| 005 | 20231205092326.0 | ||
| 007 | ta | ||
| 008 | 230509b bl.|||p| |||| 00| 00por d | ||
| 040 |
_aBR-BrBNA _bpor _cBiblioteca Nacional de Agricultura |
||
| 041 | _a(Pt) | ||
| 072 | _aL51 | ||
| 100 | 1 | _aAnon. | |
| 245 | 1 | _aHormonios; as drogas que engordam ou matam | |
| 650 | _aHORMONIO | ||
| 650 | _aANABOLIZANTE | ||
| 650 | _aMEDICAMENTO | ||
| 773 | 0 |
_tGuia Rural (Brazil) _x _g(Mar 1990), v. 4(3) p. 72-74 _wBR9200918 |
|
| 909 |
_a202311 _bLúcia _c55 _dLúcia Elande |
||
| 942 |
_2AGRIS _n0 _cANA |
||
| 999 |
_c130943 _d130943 |
||